000 00426nam a2200181Ia 4500
003 OSt
005 20260214094306.0
008 210210b1914 xxu||||| |||| 00| 0 eng d
040 _aAL
_c
041 _aeng
082 _a822/938
100 _aPatridge E
_933325
245 _aBook of english prose
260 _aLondon
_bEdward Arnold & Co.
_c1914
690 _aEnglish Prose
_933330
906 _a013121
942 _2ddc
_cBK
999 _c131966
_d131966